000 00600cab a22001935a 4500
001 L159584
008 170914e2017 xxk 000 0 eng d
035 _a(Sirsi) u159584
041 0 _aeng
100 1 _aHighmore, Sue
245 0 0 _aBe at ease with e-signatures
260 _c2017
490 _aEstates Gazette
_v(1731) 5 August 2017, 50-51
520 _aPart one of a two part series looking the the use of electronic signatures in property documents. Looks at the rules on their use in contracts
590 _aKA
650 2 4 _aE-SIGNATURES
690 _aContracts
_96232
942 _n0
_2ddc
999 _c84880
_d84880